Дело об устройстве лестницы, ведущей к Придворной конторе в Зимнем дворце, теплой

Доступно только в Электронных читальных залах Найти на картеНа карте
RUSMARC
00003654nmc2a22002413x 450
0017b9a4ddc-9cda-4809-a2ff-bcf1d868b258
00520220828035040.0
100##$a20220405l18361837k l0rusy0189 ca
1010#$arus
102##$aRU
105##$ay###
1222#$ad
2001#$aДело об устройстве лестницы, ведущей к Придворной конторе в Зимнем дворце, теплой
$j31 августа 1836 г. - 1 декабря 1837 г.
215##$a35 л.
$d36,5х26 см
251##$cДело
300##$aДело
371##$aДокумент не является опубликованным и широко распространяемым
461#0$1001625a9a7e-a890-4307-a7fe-826a2289a412
$12001
$aГоф-интенданская контора Министерства императорского двора
$1251
$cФонд
$1852
$j470
462#0$10013b995d6e-58fd-412c-9c29-c11444cea082
$12001
$aПо Зимнему дворцу
$1251
$cОпись
$1852
$j1
$l82-516
801#0$aRU
$bРГИА
$c20220405
$gRCR
801#1$aRU
$bГлавНИВЦ
$c20220405
$2rusmarc
801#2$aRU
$bПБ им. Б.Н. Ельцина
$c20220828
$gRCR
$2rusmarc
850##$aРГИА
852##$aРГИА
$eФедеральное казенное учреждение "Российский государственный исторический архив" (РГИА)
$j207
937##$hРГИА
$d12382484
$aASBIBLIO_SCAN
035##$aRusGRCC00042424
856##$uhttp://readingroom.main.prlib.ru/item.aspx?id_node=n178476896&mode=full
Формат отображения